header

Chitosan nanoparticles for biomedical applications (Record no. 70959)

MARC details
000 -LEADER
fixed length control field 01506nam a2200373Ia 4500
082 04 - DEWEY DECIMAL CLASSIFICATION NUMBER
Classification number 610.28
100 1# - MAIN ENTRY--AUTHOR NAME
Personal name Pereira, Paula.
245 10 - TITLE STATEMENT
Title Chitosan nanoparticles for biomedical applications
260 ## - PUBLICATION, DISTRIBUTION, ETC. (IMPRINT)
Place of publication New York :
Name of publisher Nova Biomedical Books,
Year of publication c2010.
300 ## - PHYSICAL DESCRIPTION
Number of Pages 76 p. :
Other physical details ill. (some col.).
490 1# - SERIES STATEMENT
Series statement Biotechnology in agriculture, industry and medicine
Series statement Nanotechnology science and technology
650 #0 - SUBJECT ADDED ENTRY--TOPICAL TERM
Topical Term Chitosan
Topical Term Nanoparticles.
856 40 - ELECTRONIC LOCATION AND ACCESS
Uniform Resource Identifier http://site.ebrary.com/lib/rucke/Doc?id=10662824

No items available.

© 2026 Rongo University
Contact us: librarian | system librarian | Rongo university